Proptech and real estate innovations : (Record no. 43777)

MARC details
001 - CONTROL NUMBER
control field 23595655
003 - CONTROL NUMBER IDENTIFIER
control field 000
005 - DATE AND TIME OF LATEST TRANSACTION
control field 20251015100325.0
008 - FIXED-LENGTH DATA ELEMENTS--GENERAL INFORMATION
fixed length control field 240307s2024 enk b 001 0 eng
010 ## - LIBRARY OF CONGRESS CONTROL NUMBER
LC control number 2023055735
020 ## - INTERNATIONAL STANDARD BOOK NUMBER
International Standard Book Number 9781032187136
035 ## - SYSTEM CONTROL NUMBER
System control number 23595655
040 ## - CATALOGING SOURCE
Original cataloging agency DLC
Language of cataloging eng
Description conventions rda
Transcribing agency DLC
042 ## - AUTHENTICATION CODE
Authentication code pcc
050 00 - LIBRARY OF CONGRESS CALL NUMBER
Classification number HD 1375 .O43
082 00 - DEWEY DECIMAL CLASSIFICATION NUMBER
Classification number 333.33
Edition number 23/eng/20240327
100 1# - MAIN ENTRY--PERSONAL NAME
Personal name Oladiran, Olayiwola,
Relator term author.
245 10 - TITLE STATEMENT
Title Proptech and real estate innovations :
Remainder of title a guide to digital technologies and solutions in the built environment /
Statement of responsibility, etc Olayiwola Oladiran and Louisa Dickins.
263 ## - PROJECTED PUBLICATION DATE
Projected publication date 2405
264 #1 - PUBLICATION, DISTRIBUTION, ETC. (IMPRINT)
Place of publication, distribution, etc Abingdon, Oxon ;
-- New York, NY :
Name of publisher, distributor, etc Routledge,
Date of publication, distribution, etc 2025.
300 ## - PHYSICAL DESCRIPTION
Extent xxx, 330p.
Other physical details ill.
336 ## - CONTENT TYPE
Content type term text
Content type code txt
Source rdacontent
337 ## - MEDIA TYPE
Media type term unmediated
Media type code n
Source rdamedia
338 ## - CARRIER TYPE
Carrier type term volume
Carrier type code nc
Source rdacarrier
504 ## - BIBLIOGRAPHY, ETC. NOTE
Bibliography, etc Includes bibliographical references and index.
520 ## - SUMMARY, ETC.
Summary, etc "This textbook serves as a guide to real estate students and educators on the various property innovations and digital technologies which continue to shape the industry. The advancement of PropTech in the last few decades has led to significant changes in real estate systems, operations, and practice, and this new textbook provides insight on the past, present, and future of PropTech innovations which have spread across the value chain of real estate through planning, development, management, finance, investment, operations and transactions. The textbook approaches this subject from the real estate components, asset classes and submarkets and links them to the associated innovations and digital technologies. It concludes by reviewing the role of education, innovation, skill development and professionalism as major elements of the future of real estate operations and practice"--
Assigning source Provided by publisher.
650 #0 - SUBJECT ADDED ENTRY--TOPICAL TERM
Topical term or geographic name as entry element Real estate business
General subdivision Technological innovations.
650 #0 - SUBJECT ADDED ENTRY--TOPICAL TERM
Topical term or geographic name as entry element Real estate development
General subdivision Technological innovations.
650 #0 - SUBJECT ADDED ENTRY--TOPICAL TERM
Topical term or geographic name as entry element Real property.
700 1# - ADDED ENTRY--PERSONAL NAME
Personal name Dickins, Louisa,
Relator term author.
776 08 - ADDITIONAL PHYSICAL FORM ENTRY
Relationship information Online version:
Main entry heading Oladiran, Olayiwola.
Title Proptech and real estate innovations
Place, publisher, and date of publication London ; New York, NY : Routledge, Taylor & Francis Group, 2024
International Standard Book Number 9781003262725
Record control number (DLC) 2023055736
906 ## - LOCAL DATA ELEMENT F, LDF (RLIN)
a 7
b cbc
c orignew
d 1
e ecip
f 20
g y-gencatlg
942 ## - ADDED ENTRY ELEMENTS (KOHA)
Source of classification or shelving scheme Library of Congress Classification
Koha item type Books
Holdings
Withdrawn status Lost status Source of classification or shelving scheme Damaged status Not for loan Permanent Location Current Location Date acquired Total Checkouts Full call number Barcode Date last seen Price effective from Koha item type
    Library of Congress Classification     NILE UNIVERSITY OF NIGERIA - MAIN LIBRARY NILE UNIVERSITY OF NIGERIA - MAIN LIBRARY 10/15/2025   HD 1375 .O43 2025 0199279 10/15/2025 10/15/2025 Books
    Library of Congress Classification     NILE UNIVERSITY OF NIGERIA - MAIN LIBRARY NILE UNIVERSITY OF NIGERIA - MAIN LIBRARY 10/15/2025   HD 1375 .O43 2025 0199306 10/15/2025 10/15/2025 Books